000 00872nam a2200217Ia 4500
001 19473
003 GE_BSU
008 181216s||||||||xx |||||||||||||| ||und||
040 _cGE_BSU
245 _aმრავალთავი ფილოლოგიურ-ისტორიული ძიებანი III= Мравалтави
245 _cტომის რედ:ქ.ქურციკიძე;მხატ:გ.ნადირაძე
250 _aკ.კეკელიძის სახელობის ხელნაწერთა ინ-ტი
260 _aთბილისი
260 _bმეცნიერება
260 _c1973
300 _a210 გვ; 27 სმ.
541 _h3ლ.66თ.
653 _aქართული ენა
653 _aქართული ენის ისტორია
942 _cBK
999 _c52450
_d52450